Actors/Actresses on Bridgerton - Statistics

General Stats
  • This quiz has been taken 19 times
  • The average score is 11 of 16
Answer Stats
Hint Answer % Correct
Colin Bridgerton Luke Newton
100%
Benedict Bridgerton Luke Thompson
100%
Anthony Bridgerton Jonathan Bailey
93%
Sophie Baek Yerin Ha
93%
Eloise Bridgerton Claudia Jessie
87%
Penelope Featherington Nicola Coughlan
87%
Hyacinth Bridgerton Florence Hunt
80%
Francesca Bridgerton Hannah Dodd
80%
Simon Bassett Rege Jean Page
80%
Daphne Bridgerton Phoebe Dynevor
73%
Kate Sharma Simone Ashley
73%
Violet Bridgerton Ruth Gemmell
53%
Lady Danbury Adjoa Andoh
33%
Queen Charlotte Golda Rosheuvel
33%
Gregory Bridgerton Will Tilston
33%
Cressida Cowper Jessica Madsen
27%
No matching quizzes found
Score Distribution
Percent of People with Each Score
Percentile by Number Answered
Your Score History
You have not taken this quiz